000
00285nam a22000857a 4500
008
150826b xxu||||| |||| 00| 0 eng d
020
_a
9780851990262
245
_a
RESEARCH THE CULTURE IN AGRI-CULTURE
_b
SOCIAL RESEARCH FOR INTERNATIONAL DEVELOPMENT
260
_a
CAMBRIDGE
_b
CABI PUBLISHING
_c
2006
999
_c
1113
_d
1113